000
00308nam a22001457a 4500
003
SGT
020
_a
9788175415959
082
_a
371.1,SHA
100
_a
SHARMA,PARVEEN
245
_a
TEACHING OF ENGLISH
260
_a
NEW DELHI
_b
SHIPRA
_c
2011
300
_a
280
650
_a
EDUCATION
942
_2
ddc
_c
BK
_0
7
999
_c
26672
_d
26672